000 00491nam a2200217Ia 4500
003 OSt
005 20221005121738.0
006 a|||||r|||| 00| 0
007 ta
008 221004b |||||||| |||| 00| 0 eng d
024 _a119882
037 _cTextual
040 _aCRL
_cCRL
_beng
041 _2eng
_aeng
100 _aBharucha
_9631061
245 0 _aIgini
260 _c1910
650 _aHINDI LITERATURE
_923866
942 _cTEXL
_2cc
999 _c1042123
_d1042123